| 000 | 01198nam a22003737a 4500 | ||
|---|---|---|---|
| 001 | 0052082 | ||
| 003 | KOHA_MİRAKIL | ||
| 005 | 20260207003828.0 | ||
| 007 | ta | ||
| 008 | 150629b2015 tu |||gr||||#0|||1|tur | | ||
| 020 | _a9786053434740 | ||
| 040 |
_aTR-BiSEU _btur _cTR-BiSEU _erda |
||
| 041 | 0 | _atur | |
| 044 | _ctu | ||
| 050 |
_aPQ1109.G53 _bH37 2015 |
||
| 100 | 1 | _aGiacometti, Eric. | |
| 240 | 1 | 0 |
_ala Croix des Assassins _lTürkçe |
| 245 | 1 |
_aHaşhaşiler = _bla Croix des Assassins/ _cEric Giacometti ; Eric Giacometti, Jacques Ravenne ; çeviren Hakan Tansel. |
|
| 264 | 1 |
_aİstanbul : _bPegasus Yayınları _c2015 |
|
| 300 |
_a483 sayfa ; _c20 cm. |
||
| 336 |
_ametin _btxt _2rdacontent |
||
| 337 |
_aaracısız _bn _2rdamedia |
||
| 338 |
_acilt _bnc _2rdacarrier |
||
| 490 | 1 |
_aPegasus yayınları ; _v1027. |
|
| 490 | 1 |
_aBestseller Roman ; _v453 |
|
| 650 | 0 |
_aFrench literature. _98690 |
|
| 650 | 0 |
_aFrench fiction--20th century. _98691 |
|
| 650 | 0 |
_aFransız edebiyatı. _98689 |
|
| 650 | 0 |
_aFransız romanı--20.yy. _98688 |
|
| 830 | 1 |
_aPegasus yayınları ; _v1027. _922917 |
|
| 830 | 1 |
_aBestseller Roman ; _v453 _922904 |
|
| 907 | _aRoman | ||
| 942 |
_2lcc _cBK |
||
| 999 |
_c51900 _d51900 |
||